000 004500000a22001930004500
999 _c48887
_d48887
001 1729
003 CO-MdFUSB
005 20171115165403.0
008 171115b xxu||||| |||| 00| 0 eng d
020 _a950-511-128-2
040 _cCO-MdBIC
082 0 4 _a863N Aj28vi
100 1 _aSchujer, Silvia
245 1 0 _aLas visitas / Silvia Schujer
260 _aBuenos Aires : Alfaguara
300 _a94 P.
500 _aDesde 12 aƱos
942 _cLGB